| 000 | 00357nam a2200109Ia 4500 | ||
|---|---|---|---|
| 008 | 160523s9999 xx 000 0 und d | ||
| 245 | _aMind, Body, World: Foundations of Cognitive Science | ||
| 245 | _cMichael R. W. Dawson | ||
| 260 | _c2013 | ||
| 650 | _xPsychology. | ||
| 856 | _uhttp://www.aupress.ca/books/120227/ebook/99Z_Dawson_2013-Mind_Body_World.pdf | ||
| 999 |
_c294791 _d294791 |
||